[Event "Africa-ch op"]
[Site "Tunis"]
[Date "2013.05.25"]
[Round "7"]
[White "Njobvu, Ignatius"]
[Black "Sarwat, Walaa"]
[Result "0-1"]
[WhiteElo "2239"]
[BlackElo "2335"]
[PlyCount "110"]
[EventDate "2013.05.18"]
[EventType "swiss"]
[EventRounds "9"]
[EventCountry "TUN"]
[SourceTitle "CBM 154 Extra"]
[Source "ChessBase"]
[SourceDate "2013.06.25"]
[SourceVersion "2"]
[SourceVersionDate "2013.06.25"]
[SourceQuality "1"]

1. d4 d5 2. c4 c6 3. Nf3 Nf6 4. e3 g6 5. Nc3 Bg7 6. Be2 0-0 7. 0-0 c5 8. dxc5 dxc4 9. Qxd8 Rxd8 10. Bxc4 Nbd7 11. Rd1 Rf8 12. c6 bxc6 13. Bd2 Nb6 14. Be2 Nfd5 15. Rac1 Bg4 16. Nd4 Bxe2 17. Ncxe2 Rfc8 18. b4 Na4 19. Rc2 c5 20. Rdc1 Rab8 21. bxc5 e5 22. Nb3 Bf8 23. e4 Nb4 24. Bxb4 Rxb4 25. Nc3 Nxc3 26. Rxc3 Rxe4 27. f3 Re2 28. R1c2 Rxc2 29. Rxc2 f5 30. Rc4 Rc6 31. Kf1 Kf7 32. Rb4 Rc7 33. Rb8 Be7 34. Rh8 h5 35. Ra8 Ke6 36. Rg8 g5 37. Rg6+ Kd5 38. Rg7 h4 39. Ke2 e4 40. Rf7 Ke6 41. Rh7 exf3+ 42. gxf3 Kf6 43. Rh6+ Ke5 44. Rh7 Bd6 45. Rh5 Bxc5 46. Rxg5 Be7 47. Rh5 Rc2+ 48. Ke3 Rxh2 49. f4+ Kf6 50. Nd4 Kg6 51. Rxf5 Rxa2 52. Re5 Bf6 53. f5+ Kh7 54. Rd5 Bxd4+ 55. Kxd4 Rd2+ 0-1

[Event "Africa-ch op"]
[Site "Tunis"]
[Date "2013.05.22"]
[Round "5"]
[White "Njobvu, Ignatius"]
[Black "Belkhodja, Slim"]
[Result "1-0"]
[WhiteElo "2239"]
[BlackElo "2444"]
[PlyCount "98"]
[EventDate "2013.05.18"]
[EventType "swiss"]
[EventRounds "9"]
[EventCountry "TUN"]
[SourceTitle "CBM 154 Extra"]
[Source "ChessBase"]
[SourceDate "2013.06.25"]
[SourceVersion "2"]
[SourceVersionDate "2013.06.25"]
[SourceQuality "1"]

1. d4 b5 2. e3 Bb7 3. Nf3 a6 4. c4 bxc4 5. Bxc4 e6 6. Qb3 Nc6 7. Bd2 Rb8 8. Qd1 Nf6 9. Nc3 Be7 10. 0-0 0-0 11. Qe2 a5 12. Rfc1 Nb4 13. a3 d5 14. axb4 axb4 15. Bb5 bxc3 16. Bxc3 c6 17. Ba5 Qd6 18. Bd3 Rfc8 19. Bb6 Nd7 20. Ba7 Ra8 21. b4 g6 22. Bc5 Nxc5 23. bxc5 Qc7 24. Qb2 Rcb8 25. Rcb1 Rxa1 26. Qxa1 Bc8 27. Rxb8 Qxb8 28. Ne5 Bb7 29. Nd7 Qc7 30. Nb6 e5 31. Qa7 exd4 32. exd4 Bf6 33. Na8 Qe7 34. Kf1 Bxd4 35. Qb8+ Kg7 36. Nc7 Kh6 37. g3 Qf6 38. Qf8+ Qg7 39. Qe7 Qf6 40. Qf8+ Qg7 41. Qe7 Bf6 42. Qd7 Bh4 43. gxh4 Qd4 44. Be2 Qe4 45. f3 Qf4 46. Qe7 Qxh2 47. Qf8+ Kh5 48. f4+ Kxh4 49. Qh6+ Kg3 1-0

[Event "Africa-ch op"]
[Site "Tunis"]
[Date "2013.05.20"]
[Round "3"]
[White "El Adnani, Mokliss"]
[Black "Njobvu, Ignatius"]
[Result "1-0"]
[WhiteElo "2365"]
[BlackElo "2239"]
[PlyCount "67"]
[EventDate "2013.05.18"]
[EventType "swiss"]
[EventRounds "9"]
[EventCountry "TUN"]
[SourceTitle "CBM 154 Extra"]
[Source "ChessBase"]
[SourceDate "2013.06.25"]
[SourceVersion "2"]
[SourceVersionDate "2013.06.25"]
[SourceQuality "1"]

1. c4 e6 2. Nc3 d5 3. d4 c6 4. Nf3 Nf6 5. e3 Nbd7 6. Qc2 a6 7. Bd2 Bd6 8. g4 b5 9. c5 Bc7 10. g5 Nh5 11. Ne2 g6 12. Ng3 Ng7 13. e4 a5 14. 0-0-0 Ba6 15. h4 Nf8 16. Ne5 Bxe5 17. dxe5 Qc7 18. f4 b4 19. h5 Nxh5 20. Nxh5 gxh5 21. Bxa6 Rxa6 22. Rxh5 Rg8 23. Qa4 Qb7 24. exd5 exd5 25. Be3 Qd7 26. Rh2 Ke7 27. Qc2 Qg4 28. f5 Qg3 29. Qe2 Qxe5 30. Bf4 Qxe2 31. Rxe2+ Kd8 32. Rde1 Nd7 33. Bd6 f6 34. gxf6 1-0

[Event "Africa-ch op"]
[Site "Tunis"]
[Date "2013.05.18"]
[Round "1"]
[White "Haddouche, Mohamed Amine"]
[Black "Njobvu, Ignatius"]
[Result "1/2-1/2"]
[WhiteElo "2459"]
[BlackElo "2239"]
[PlyCount "72"]
[EventDate "2013.05.18"]
[EventType "swiss"]
[EventRounds "9"]
[EventCountry "TUN"]
[SourceTitle "CBM 154 Extra"]
[Source "ChessBase"]
[SourceDate "2013.06.25"]
[SourceVersion "2"]
[SourceVersionDate "2013.06.25"]
[SourceQuality "1"]

1. e4 e6 2. d3 d5 3. Qe2 Nf6 4. Nf3 Be7 5. g3 c5 6. Bg2 Nc6 7. 0-0 b6 8. e5 Nd7 9. c4 d4 10. h4 Bb7 11. Re1 h6 12. Nbd2 Qc7 13. Nf1 0-0-0 14. a3 Rdg8 15. N1h2 g5 16. hxg5 hxg5 17. Ng4 Rh5 18. b4 cxb4 19. Bb2 Rgh8 20. axb4 Bxb4 21. Ba3 a5 22. Bxb4 Nxb4 23. Nfh2 Bxg2 24. Kxg2 Qc6+ 25. f3 Nc5 26. Ra3 Qb7 27. Nf1 Kb8 28. Rb1 Kc8 29. Rc1 Kb8 30. Rb1 Kc8 31. Qf2 Ncxd3 32. Qxd4 Rd8 33. Qc3 Nc5 34. Qc1 Ncd3 35. Qc3 Nc5 36. Qc1 Ncd3 1/2-1/2

[Event "Olympiad-40"]
[Site "Istanbul"]
[Date "2012.09.07"]
[Round "10.4"]
[White "Njobvu, Ignatius"]
[Black "Boudriga, Mohamed Ali"]
[Result "1/2-1/2"]
[WhiteElo "2226"]
[BlackElo "2191"]
[PlyCount "83"]
[EventDate "2012.08.28"]
[EventType "team-swiss"]
[EventRounds "11"]
[EventCountry "TUR"]
[SourceTitle "CBM 151"]
[Source "ChessBase"]
[SourceDate "2012.11.13"]
[SourceVersion "1"]
[SourceVersionDate "2012.11.13"]
[SourceQuality "1"]
[WhiteTeam "Botswana"]
[BlackTeam "Tunisia"]
[WhiteTeamCountry "BOT"]
[BlackTeamCountry "TUN"]

1. d4 d5 2. c4 c6 3. Nf3 e6 4. Qc2 Nf6 5. Nbd2 Nbd7 6. g3 Be7 7. Bg2 0-0 8. 0-0 b6 9. e4 dxe4 10. Nxe4 Nxe4 11. Qxe4 Bb7 12. Rd1 Qc8 13. Bf4 Nf6 14. Qe2 Re8 15. Bh3 a5 16. Rac1 Ra7 17. d5 cxd5 18. Ne5 dxc4 19. Rxc4 Ba6 20. Rxc8 Bxe2 21. Rxe8+ Nxe8 22. Rd2 Bb5 23. Be3 Bc5 24. Bxc5 bxc5 25. Rd8 Kf8 26. Rb8 Bd7 27. Bg2 Ke7 28. Bc6 Nf6 29. Bxd7 Nxd7 30. Nxd7 Kxd7 31. Rg8 g6 32. Rg7 Ke7 33. Rxh7 Rb7 34. b3 c4 35. bxc4 Rb4 36. Rh4 Ra4 37. Rd4 Rxa2 38. Rd1 a4 39. c5 Rc2 40. Rd4 a3 41. Ra4 a2 42. Ra7+ 1/2-1/2

[Event "Commonwealth-ch RSA op"]
[Site "Gauteng"]
[Date "2011.07.03"]
[Round "11"]
[White "Abrantes, Persson"]
[Black "Njobvu, Ignatius"]
[Result "0-1"]
[WhiteElo "2026"]
[BlackElo "2228"]
[PlyCount "86"]
[EventDate "2011.06.25"]
[EventType "swiss"]
[EventRounds "11"]
[EventCountry "RSA"]
[SourceTitle "CBM 143 Extra"]
[Source "ChessBase"]
[SourceDate "2011.08.29"]
[SourceVersion "1"]
[SourceVersionDate "2011.08.29"]
[SourceQuality "1"]

1. d4 d5 2. c4 e6 3. e3 Nf6 4. Nc3 a6 5. cxd5 exd5 6. a3 Bf5 7. Nge2 Bd6 8. Bd2 Nbd7 9. f3 0-0 10. g4 Nxg4 11. f4 Qh4+ 12. Ng3 Nxh2 13. Rxh2 Qxg3+ 14. Rf2 Bg4 15. Be2 Nf6 16. Bf3 Rfe8 17. Qe2 Bxf4 18. 0-0-0 Bh6 19. Rh1 Bxf3 20. Rxf3 Qg5 21. Rhf1 Re6 22. Qh2 Rc6 23. Rg3 Qh5 24. Rh3 Qg6 25. Rg1 Bg5 26. Kd1 Ne4 27. Nxd5 Qf5 28. Rxg5 Qxg5 29. Rxh7 Rh6 30. Rxh6 gxh6 31. Nxc7 Rc8 32. d5 Rd8 33. Kc1 h5 34. Qh3 Qg1+ 35. Kc2 Qf2 36. Qxh5 Qxd2+ 37. Kb1 Qd3+ 38. Ka1 Qf1+ 39. Ka2 Qc4+ 40. Ka1 Qc1+ 41. Ka2 Qxc7 42. Qg4+ Kf8 43. Qxe4 Qd6 0-1

[Event "Gaborone zt 4.3"]
[Site "Gaborone"]
[Date "2011.04.05"]
[Round "5"]
[White "Li Ying, Patrick"]
[Black "Njobvu, Ignatius"]
[Result "1/2-1/2"]
[WhiteElo "2136"]
[BlackElo "2226"]
[PlyCount "91"]
[EventDate "2011.04.01"]
[EventType "swiss"]
[EventRounds "9"]
[EventCountry "BOT"]
[SourceTitle "EXT 2015"]
[Source "ChessBase"]
[SourceDate "2014.11.20"]
[SourceVersion "1"]
[SourceVersionDate "2014.11.20"]
[SourceQuality "1"]

1. d4 d5 2. Nf3 c6 3. c3 Bf5 4. Bf4 Qb6 5. Qb3 Qxb3 6. axb3 Nd7 7. Nbd2 Ngf6 8. h3 Ne4 9. e3 e6 10. b4 Bd6 11. Bxd6 Nxd6 12. g4 Bc2 13. Ne5 Nxe5 14. dxe5 Nc8 15. Be2 f6 16. exf6 gxf6 17. 0-0 Nd6 18. Rac1 Bg6 19. Nb3 h5 20. f3 f5 21. Bd3 hxg4 22. hxg4 Kf7 23. Rc2 Rh4 24. Rg2 Rah8 25. g5 Rh1+ 26. Kf2 Rxf1+ 27. Bxf1 e5 28. Nd2 Rh4 29. Kg3 Rh1 30. f4 exf4+ 31. exf4 Ne4+ 32. Nxe4 fxe4 33. Be2 Bf5 34. Rh2 Rxh2 35. Kxh2 b6 36. Kg3 c5 37. bxc5 bxc5 38. Bg4 Kg6 39. Bd1 d4 40. cxd4 cxd4 41. Ba4 Be6 42. Be8+ Kf5 43. Bh5 Bb3 44. Bg4+ Kg6 45. Kf2 Bc4 46. Bd7 1/2-1/2

[Event "Gaborone zt 4.3"]
[Site "Gaborone"]
[Date "2011.04.04"]
[Round "4"]
[White "Njobvu, Ignatius"]
[Black "Ranaivoharisoa, Alain"]
[Result "1-0"]
[WhiteElo "2226"]
[BlackElo "2147"]
[PlyCount "66"]
[EventDate "2011.04.01"]
[EventType "swiss"]
[EventRounds "9"]
[EventCountry "BOT"]
[SourceTitle "EXT 2015"]
[Source "ChessBase"]
[SourceDate "2014.11.20"]
[SourceVersion "1"]
[SourceVersionDate "2014.11.20"]
[SourceQuality "1"]

1. d4 d5 2. c4 c6 3. Nf3 Nf6 4. Qc2 e6 5. g3 dxc4 6. Qxc4 b5 7. Qc2 Bb7 8. Bg2 Nbd7 9. Nc3 c5 10. dxc5 Bxc5 11. 0-0 Rc8 12. Qb3 a6 13. Bg5 Qb6 14. Bxf6 Nxf6 15. e3 0-0 16. Nh4 Rcd8 17. Rfd1 Bxe3 18. fxe3 Qxe3+ 19. Kh1 Bxg2+ 20. Nxg2 Qf3 21. Nd5 Qxb3 22. Nxf6+ gxf6 23. axb3 Rxd1+ 24. Rxd1 Rc8 25. Ne3 Rc6 26. Kg2 Kg7 27. Kf3 f5 28. Rd2 Rc1 29. Rd1 Rc6 30. Ke2 Kf6 31. Rd7 Kg6 32. Kd2 f6 33. Ng2 h6 1-0

[Event "Olympiad-39"]
[Site "Khanty-Mansiysk"]
[Date "2010.10.01"]
[Round "10.3"]
[White "Njobvu, Ignatius"]
[Black "Yamada, Kohei"]
[Result "1/2-1/2"]
[WhiteElo "2217"]
[BlackElo "2071"]
[PlyCount "109"]
[EventDate "2010.09.21"]
[EventType "team-swiss"]
[EventRounds "11"]
[EventCountry "RUS"]
[SourceTitle "CBM 139"]
[Source "ChessBase"]
[SourceDate "2010.11.18"]
[SourceVersion "1"]
[SourceVersionDate "2010.11.18"]
[SourceQuality "1"]
[WhiteTeam "Botswana"]
[BlackTeam "Japan"]
[WhiteTeamCountry "BOT"]
[BlackTeamCountry "JPN"]

1. d4 d5 2. c4 c6 3. Nf3 Nf6 4. Qc2 g6 5. e3 Bf5 6. Bd3 Bxd3 7. Qxd3 Bg7 8. Nc3 Nbd7 9. cxd5 cxd5 10. Qb5 e6 11. Qxb7 0-0 12. Qa6 Qb8 13. 0-0 Rc8 14. Qd3 Qb7 15. b3 Ne4 16. Bb2 a5 17. Na4 Rc6 18. Nd2 Nb6 19. Nc3 Nxd2 20. Qxd2 a4 21. Rab1 axb3 22. axb3 Nd7 23. Bc1 Rb6 24. Qc2 Rb8 25. Ba3 Bf8 26. Bxf8 Kxf8 27. Na4 Rxb3 28. Rxb3 Qxb3 29. Qc6 Qb5 30. Qd6+ Kg8 31. Nc3 Qb4 32. Qc7 Qb7 33. Qf4 Rc8 34. Ne2 Qb2 35. Ng3 Rc1 36. h4 Rxf1+ 37. Nxf1 Qe2 38. Ng3 Qd1+ 39. Kh2 h5 40. f3 Nf8 41. Qf6 Nh7 42. Qe5 Qe1 43. e4 dxe4 44. fxe4 Qe3 45. Kh3 Nf8 46. Qd6 g5 47. d5 e5 48. hxg5 Qxg5 49. Nf5 Ng6 50. Kh2 Qf4+ 51. Kg1 Qc1+ 52. Kh2 Qf4+ 53. Kh3 Qg4+ 54. Kh2 Qf4+ 55. Kg1 1/2-1/2

[Event "BOT-ch final"]
[Site "Gaborone"]
[Date "2010.04.03"]
[Round "5"]
[White "Chaka, Jona"]
[Black "Njobvu, Ignatius"]
[Result "0-1"]
[WhiteElo "2187"]
[BlackElo "2241"]
[PlyCount "82"]
[EventDate "2010.04.01"]
[EventType "tourn"]
[EventRounds "9"]
[EventCountry "BOT"]
[SourceTitle "EXT 2019"]
[Source "ChessBase"]
[SourceDate "2018.10.10"]
[SourceVersion "1"]
[SourceVersionDate "2018.10.10"]
[SourceQuality "1"]

1. Nf3 d5 2. g3 c6 3. d4 Bf5 4. Bg2 Nf6 5. 0-0 e6 6. c4 Nbd7 7. Nc3 Be7 8. cxd5 exd5 9. Nh4 Bg4 10. h3 Be6 11. Qc2 0-0 12. Nf5 Bxf5 13. Qxf5 Re8 14. Rd1 Bb4 15. Qd3 Qe7 16. e3 Ne4 17. Nxe4 dxe4 18. Qc4 Nb6 19. Qc2 Nd5 20. a3 Bd6 21. Qe2 Qd7 22. Bd2 Re6 23. Rf1 Rae8 24. b4 a6 25. Rab1 Rh6 26. f4 exf3 27. Rxf3 Nf6 28. Rbf1 Rg6 29. g4 Bb8 30. Rf5 Qxd4 31. exd4 Rxe2 32. Bg5 Ba7 33. Bxf6 Rxf6 34. Rd1 Rd6 35. Kf1 Re3 36. Rf3 Rxd4 37. Rxd4 Rxf3+ 38. Bxf3 Bxd4 39. a4 Kf8 40. Ke2 Ke7 41. Kd3 Bg1 0-1

[Event "Olympiad-37"]
[Site "Turin"]
[Date "2006.05.21"]
[Round "1"]
[White "Njobvu, Ignatius"]
[Black "Kosic, Dragan"]
[Result "1/2-1/2"]
[WhiteElo "2236"]
[BlackElo "2482"]
[PlyCount "35"]
[EventDate "2006.05.21"]
[EventType "team-swiss"]
[EventRounds "13"]
[EventCountry "ITA"]
[SourceTitle "CBM 113"]
[Source "ChessBase"]
[SourceDate "2006.07.31"]
[SourceVersion "1"]
[SourceVersionDate "2006.07.31"]
[SourceQuality "1"]
[WhiteTeam "Botswana"]
[BlackTeam "Yugoslavia"]
[WhiteTeamCountry "BOT"]
[BlackTeamCountry "YUG"]

1. d4 d5 2. c4 e6 3. Nc3 c6 4. e3 Nf6 5. Nf3 Nbd7 6. Qc2 Bd6 7. Bd3 0-0 8. 0-0 dxc4 9. Bxc4 a6 10. Rd1 Qc7 11. Ne4 Nxe4 12. Qxe4 c5 13. Bd3 Nf6 14. Qh4 e5 15. dxe5 Bxe5 16. Nxe5 Qxe5 17. Bd2 Qe7 18. Bc1 1/2-1/2